Higher surveying. (3rd edition) (Record no. 76192)

MARC details
000 -LEADER
fixed length control field 01264nam a2200205 a 4500
008 - FIXED-LENGTH DATA ELEMENTS--GENERAL INFORMATION
fixed length control field 190823s2015 ||||||||||||||||| || u
020 ## - INTERNATIONAL STANDARD BOOK NUMBER
International Standard Book Number 9788122438123
050 ## - LIBRARY OF CONGRESS CALL NUMBER
Classification number TA 545 Cha
100 ## - MAIN ENTRY--PERSONAL NAME
Personal name Chandra, A. M
245 10 - TITLE STATEMENT
Title Higher surveying. (3rd edition)
Statement of responsibility, etc. By Dr A M Chandra
250 ## - EDITION STATEMENT
Edition statement 3rd edition
260 ## - PUBLICATION, DISTRIBUTION, ETC.
Place of publication, distribution, etc. New Delhi
Name of publisher, distributor, etc. New Age International Publishers
Date of publication, distribution, etc. 2015
300 ## - PHYSICAL DESCRIPTION
Extent xvi, 408 pages : illustrations
650 #0 - SUBJECT ADDED ENTRY--TOPICAL TERM
Topical term or geographic name entry element SURVEYING
995 ## -
-- MAIN LIBRARY OPEN ACCESS
-- 14.50
-- 749796
-- CBU-MAIN LIBRARY (Kitwe)
-- TA 545 Cha
-- 1
-- AVAILABLE
-- Aug 23, 2019
-- 749796
-- Main Library Open Access Collection
995 ## -
-- MAIN LIBRARY OPEN ACCESS
-- 14.50
-- 749797
-- CBU-MAIN LIBRARY (Kitwe)
-- TA 545 Cha
-- 2
-- AVAILABLE
-- Aug 23, 2019
-- 749797
-- Main Library Open Access Collection
995 ## -
-- MAIN LIBRARY OPEN ACCESS
-- 14.50
-- 749800
-- CBU-MAIN LIBRARY (Kitwe)
-- TA 545 Cha
-- 5
-- AVAILABLE
-- Aug 23, 2019
-- 749800
-- Main Library Open Access Collection
995 ## -
-- MAIN LIBRARY OPEN ACCESS
-- 14.50
-- 749798
-- CBU-MAIN LIBRARY (Kitwe)
-- TA 545 Cha
-- 3
-- AVAILABLE
-- Aug 23, 2019
-- 749798
-- Main Library Open Access Collection
995 ## -
-- MAIN LIBRARY OPEN ACCESS
-- 14.50
-- 749799
-- CBU-MAIN LIBRARY (Kitwe)
-- TA 545 Cha
-- 4
-- AVAILABLE
-- Aug 23, 2019
-- 749799
-- Main Library Open Access Collection
999 ## -
-- 76192
-- 76192
Holdings
Withdrawn status Lost status Source of classification or shelving scheme Damaged status Not for loan Permanent Location Current Location Shelving location Date acquired Total Checkouts Total Renewals Full call number Barcode Checked out Date last seen Date last checked out Copy number Price effective from Koha item type
          CBU-MAIN LIBRARY, KITWE. CBU-MAIN LIBRARY, KITWE.   04/25/2023 8 1 TA 545 Cha 749796 08/22/2025 06/20/2025 06/20/2025 1 04/25/2023 MONOGRAPH
          CBU-MAIN LIBRARY, KITWE. CBU-MAIN LIBRARY, KITWE.   04/25/2023     TA 545 Cha 749797   04/25/2023   2 04/25/2023 MONOGRAPH
          CBU-MAIN LIBRARY, KITWE. CBU-MAIN LIBRARY, KITWE.   04/25/2023     TA 545 Cha 749800   04/25/2023   3 04/25/2023 MONOGRAPH
          CBU-MAIN LIBRARY, KITWE. CBU-MAIN LIBRARY, KITWE.   04/25/2023     TA 545 Cha 749798   04/25/2023   4 04/25/2023 MONOGRAPH
          CBU-MAIN LIBRARY, KITWE. CBU-MAIN LIBRARY, KITWE.   04/25/2023     TA 545 Cha 749799   04/25/2023   5 04/25/2023 MONOGRAPH